000 00952nam a22003137a 4500
003 CHAP
005 20220329141637.0
008 971013s1973 r 00010 d
010 _a71546
011 _a72518
035 _a82073
040 _cCHAP
082 _a001.6
_bD3 1973
100 0 0 _aDavis, Gordon B.
_931263
245 _aComputer data processing
250 _a2 ed.
260 _aTokyo ; McGraw-Hill Kogakusha,
_c1973
300 _a662 p.
490 _aInternational student edition
590 _aBATCH-UPD
_b10
_c20130110
_lUCH01
_h0623
590 _aBATCH-UPD
_b10
_c20130410
_lUCH01
_h0306
590 _aBATCH-UPD
_b10
_c20130914
_lUCH01
_h1137
590 _aCONVERSION
_b10
_c20130109
_lUCH01
_h1339
650 1 4 _aProcesamiento automático de datos.
_991738
830 0 _aInternational student edition
_959845
901 _aBK
942 _cLIBRO
949 _a001.6 D3 1973
_bBC
_cLIBRO
_d33724000226056
_eLIBRO
_h26341
_i82073
_si
_t209.15
999 _c71546
_d71546